Govt. of
Madhya Pradesh

Indian Polity For Civil Services Examinations (Record no. 68182)

MARC details
000 -LEADER
fixed length control field 00273nam a22001097a 4500
082 ## - DEWEY DECIMAL CLASSIFICATION NUMBER
Classification number 320
100 ## - MAIN ENTRY--AUTHOR NAME
Personal name M,Laxmikant
245 ## - TITLE STATEMENT
Title Indian Polity For Civil Services Examinations
260 ## - PUBLICATION, DISTRIBUTION, ETC. (IMPRINT)
Place of publication Chennai
Name of publisher Magrah Hill Education
Year of publication 2025
650 ## - SUBJECT ADDED ENTRY--TOPICAL TERM
Topical Term Polity
942 ## - ADDED ENTRY ELEMENTS (KOHA)
Koha item type Competitive Books
Holdings
Withdrawn status Lost status Damaged status Not for loan Home library Current library Date acquired Cost, normal purchase price Full call number Accession Number Price effective from Koha item type
        MACL MACL 26/09/2025 1090.00 320 DPI003820 26/09/2025 Competitive Books
        MACL MACL 26/09/2025 1090.00 320 DPI003821 26/09/2025 Competitive Books
        MACL MACL 26/09/2025 1090.00 320 DPI003822 26/09/2025 Competitive Books